| 000 | 00437nam a2200157 a 4500 | ||
|---|---|---|---|
| 001 | 000042790 | ||
| 005 | 20201002040411.0 | ||
| 008 | 140210s2005 dr 000 p spa d | ||
| 020 | _a999349125X | ||
| 040 |
_aDO-SdBNP _bspa _cBNPHU |
||
| 100 | 1 |
_aSilfa, Bernardo _970132 |
|
| 245 | 1 | 0 |
_aMáscara de la imago. / _cBernardo Silfa. |
| 260 |
_aSanto Domingo, : _bCasa de Teatro, _c2005. |
||
| 300 |
_a29 p. ; _c21 cm. |
||
| 586 | _aPoesía 2004 | ||
| 999 |
_c42279 _d42279 |
||